[Event "Paracin Summer op-A 12th"]
[Site "Paracin"]
[Date "2019.07.10"]
[Round "7"]
[White "Djokic, Slavoljub"]
[Black "Banovic, Ivan"]
[Result "0-1"]
[WhiteElo "2128"]
[BlackElo "2227"]
[PlyCount "94"]
[EventDate "2019.07.05"]
[EventType "swiss"]
[EventRounds "9"]
[EventCountry "SRB"]
[SourceTitle "EXT 2020"]
[Source "ChessBase"]
[SourceDate "2019.10.17"]
[SourceVersion "1"]
[SourceVersionDate "2019.10.17"]
[SourceQuality "1"]

1. c4 g6 2. Nc3 Bg7 3. Nf3 Nf6 4. g3 0-0 5. Bg2 d6 6. 0-0 Nc6 7. d4 Bf5 8. Bg5 h6 9. Bxf6 Bxf6 10. e3 Bg7 11. Rc1 e5 12. d5 Ne7 13. h3 Bd7 14. e4 a5 15. b3 f5 16. exf5 gxf5 17. Ne2 b6 18. a3 Ng6 19. Nc3 Qf6 20. Nb5 Rac8 21. b4 axb4 22. axb4 Rfe8 23. Re1 Bxb5 24. cxb5 e4 25. Nd2 Ne5 26. Bf1 Qf7 27. Qb3 h5 28. Be2 Bh6 29. Rcd1 h4 30. Nc4 Kh8 31. Nxe5 Rxe5 32. gxh4 Rg8+ 33. Kh1 Qf6 34. Rg1 Qxh4 35. Rxg8+ Kxg8 36. Rg1+ Kh7 37. Qc3 e3 38. Rg3 Bf4 39. Rf3 exf2 40. Bf1 Re1 41. Kg2 Re7 42. Kh1 Rg7 43. Bg2 Rg3 44. Rxg3 Bxg3 45. Qxc7+ Kh6 46. Qxb6 Qf4 47. Qa7 Qc1+ 0-1

[Event "SRB-chT2 West"]
[Site "Arandjelovac"]
[Date "2018.10.07"]
[Round "11.10"]
[White "Djokic, Slavoljub"]
[Black "Tomic, Aleksandar1111"]
[Result "0-1"]
[WhiteElo "2122"]
[BlackElo "2293"]
[PlyCount "89"]
[EventDate "2018.09.07"]
[EventType "team-tourn"]
[EventRounds "11"]
[EventCountry "SRB"]
[SourceTitle "EXT 2021"]
[Source "ChessBase"]
[SourceDate "2020.10.23"]
[SourceVersion "1"]
[SourceVersionDate "2020.10.23"]
[SourceQuality "1"]
[WhiteTeam "Krusevac"]
[BlackTeam "Arandjelovac"]
[WhiteTeamCountry "SRB"]
[BlackTeamCountry "SRB"]

1. c4 b6 2. Nf3 Bb7 3. g3 Nf6 4. Bg2 e6 5. 0-0 Be7 6. Nc3 c5 7. d4 cxd4 8. Qxd4 d6 9. Rd1 a6 10. Bg5 Nbd7 11. Nd2 Bxg2 12. Kxg2 Rc8 13. Rac1 0-0 14. Bxf6 Nxf6 15. Nde4 Nxe4 16. Nxe4 Rc6 17. b3 Qc7 18. Rb1 b5 19. cxb5 axb5 20. Qd3 d5 21. Nd2 b4 22. Nf3 Ra8 23. Rd2 Rc3 24. Qd4 h6 25. Rbb2 Rc8 26. Qg4 Qb7 27. Rb1 Bf6 28. Rbd1 Rc2 29. Rxc2 Rxc2 30. Rd2 Rxd2 31. Nxd2 Bc3 32. Nf3 Qa8 33. Qf4 Qxa2 34. Qb8+ Kh7 35. Qe8 Qxe2 36. Qxf7 Qe4 37. Qb7 e5 38. h3 Qd3 39. g4 e4 40. Ng1 e3 41. fxe3 Qc2+ 42. Kf1 Qxb3 43. Qf7 Qb1+ 44. Kf2 b3 45. e4 0-1

[Event "Paracin Summer op-A 11th"]
[Site "Paracin"]
[Date "2018.07.10"]
[Round "6"]
[White "Djokic, Slavoljub"]
[Black "Sredojevic, Ivan"]
[Result "0-1"]
[WhiteElo "2118"]
[BlackElo "2298"]
[PlyCount "62"]
[EventDate "2018.07.06"]
[EventType "swiss"]
[EventRounds "9"]
[EventCountry "SRB"]
[SourceTitle "EXT 2019"]
[Source "ChessBase"]
[SourceDate "2018.10.10"]
[SourceVersion "1"]
[SourceVersionDate "2018.10.10"]
[SourceQuality "1"]

1. c4 Nf6 2. Nc3 g6 3. Nf3 Bg7 4. g3 0-0 5. Bg2 d6 6. 0-0 e5 7. d4 Nbd7 8. Bg5 c6 9. dxe5 dxe5 10. Ne4 Qb6 11. Bxf6 Nxf6 12. Nxf6+ Bxf6 13. Qc2 e4 14. Qxe4 Bf5 15. Qf4 Bxb2 16. Rae1 Qc5 17. e4 Be6 18. Rb1 Bg7 19. Rxb7 Qxc4 20. Rc1 Qxa2 21. Rxc6 Rac8 22. Rbc7 Rxc7 23. Rxc7 a5 24. h4 a4 25. e5 a3 26. Qd4 Qe2 27. Ra7 a2 28. Ra5 Rc8 29. Kh2 h6 30. g4 Qc4 31. Kh3 h5 0-1

[Event "Paracin Summer op-A 11th"]
[Site "Paracin"]
[Date "2018.07.10"]
[Round "5"]
[White "Martic, Zlatko"]
[Black "Djokic, Slavoljub"]
[Result "0-1"]
[WhiteElo "2264"]
[BlackElo "2118"]
[PlyCount "78"]
[EventDate "2018.07.06"]
[EventType "swiss"]
[EventRounds "9"]
[EventCountry "SRB"]
[SourceTitle "EXT 2019"]
[Source "ChessBase"]
[SourceDate "2018.10.10"]
[SourceVersion "1"]
[SourceVersionDate "2018.10.10"]
[SourceQuality "1"]

1. d4 c5 2. d5 Nf6 3. c4 b5 4. cxb5 a6 5. bxa6 Bxa6 6. Nc3 g6 7. g3 Bg7 8. Bg2 d6 9. Qc2 0-0 10. Rb1 Qa5 11. Bd2 Rc8 12. b3 Nbd7 13. Nh3 Rab8 14. 0-0 c4 15. Na4 Qb5 16. Nc3 cxb3 17. Rxb3 Qxe2 18. Rxb8 Nxb8 19. Rb1 Bd3 20. Nxe2 Bxc2 21. Rb7 Nfd7 22. Nhf4 Bd1 23. Bh3 f5 24. Nc1 Ne5 25. Be3 Nbd7 26. Ncd3 Bf6 27. Rb1 Bf3 28. Bg2 Bxg2 29. Kxg2 Ng4 30. Nb4 Nxe3+ 31. fxe3 Rc3 32. Re1 Nc5 33. Re2 Kf7 34. h4 h6 35. Kf2 g5 36. hxg5 hxg5 37. Ng2 Be5 38. g4 fxg4 39. Rc2 Nd3+ 0-1

[Event "Paracin Summer op-A 11th"]
[Site "Paracin"]
[Date "2018.07.07"]
[Round "2"]
[White "Martic, Ivan"]
[Black "Djokic, Slavoljub"]
[Result "1-0"]
[WhiteElo "2375"]
[BlackElo "2118"]
[PlyCount "93"]
[EventDate "2018.07.06"]
[EventType "swiss"]
[EventRounds "9"]
[EventCountry "SRB"]
[SourceTitle "CBM 185 Extra"]
[Source "ChessBase"]
[SourceDate "2018.07.29"]
[SourceVersion "1"]
[SourceVersionDate "2018.07.29"]
[SourceQuality "1"]

1. e4 c5 2. Nf3 d6 3. d4 cxd4 4. Nxd4 Nf6 5. Nc3 a6 6. Bg5 e6 7. f4 Be7 8. Qf3 Qc7 9. 0-0-0 Nbd7 10. g4 h6 11. Bxf6 Nxf6 12. h4 Bd7 13. g5 Ng8 14. Bh3 hxg5 15. hxg5 g6 16. Bxe6 Rxh1 17. Bxd7+ Qxd7 18. Rxh1 0-0-0 19. Nd5 Kb8 20. Qb3 Re8 21. Rh7 Qg4 22. Nc6+ Kc8 23. Qb6 Qd7 24. Ncxe7+ Nxe7 25. Nf6 Qd8 26. Qxd8+ Rxd8 27. Rxf7 Nc6 28. c3 Rh8 29. Rh7 Rxh7 30. Nxh7 Kd8 31. Kd2 Ke8 32. Ke3 Kf7 33. Nf6 Ke6 34. b4 Na7 35. Nd5 Nc6 36. a4 Nb8 37. Nb6 Nc6 38. Kd3 Ke7 39. Kc4 Ke6 40. b5 Nd8 41. Kb4 axb5 42. axb5 Ke7 43. Nd5+ Ke8 44. Ka5 Ne6 45. Kb6 Nc5 46. Kc7 Nxe4 47. Nf6+ 1-0

[Event "Paracin Summer op-A 11th"]
[Site "Paracin"]
[Date "2018.07.06"]
[Round "1"]
[White "Wadsworth, Matthew J"]
[Black "Djokic, Slavoljub"]
[Result "1-0"]
[WhiteElo "2377"]
[BlackElo "2118"]
[PlyCount "85"]
[EventDate "2018.07.06"]
[EventType "swiss"]
[EventRounds "9"]
[EventCountry "SRB"]
[SourceTitle "CBM 185 Extra"]
[Source "ChessBase"]
[SourceDate "2018.07.29"]
[SourceVersion "1"]
[SourceVersionDate "2018.07.29"]
[SourceQuality "1"]

1. g3 Nf6 2. Bg2 g6 3. e4 d6 4. d4 Bg7 5. Ne2 0-0 6. Nbc3 e5 7. h3 c5 8. dxe5 dxe5 9. Qxd8 Rxd8 10. Bg5 Be6 11. Nd5 Bxd5 12. exd5 Nbd7 13. 0-0-0 h6 14. Be3 b6 15. Nc3 a6 16. d6 Rab8 17. a4 Nf8 18. Nd5 Nxd5 19. Rxd5 Ne6 20. c3 Rd7 21. Rhd1 Rbd8 22. Bf1 a5 23. Bb5 Rb7 24. Kc2 g5 25. g4 Nf4 26. Bxf4 gxf4 27. d7 Kf8 28. Kd3 Ke7 29. Ke4 Bf6 30. Kf5 Rbb8 31. f3 Bg7 32. Rd6 Rb7 33. h4 Rbb8 34. R6d5 Rb7 35. Re1 Ra7 36. g5 hxg5 37. hxg5 Raa8 38. Rdxe5+ Bxe5 39. Rxe5+ Kd6 40. Re8 Kc7 41. Kf6 Ra7 42. Rxd8 Kxd8 43. Kxf7 1-0

[Event "SRB-chT3 West CS"]
[Site "Serbia"]
[Date "2017.10.14"]
[Round "9.4"]
[White "Djokic, Slavoljub"]
[Black "Stojic, Slavko"]
[Result "1-0"]
[WhiteElo "2108"]
[BlackElo "2043"]
[PlyCount "97"]
[EventDate "2017.09.03"]
[EventType "team-tourn"]
[EventRounds "11"]
[EventCountry "SRB"]
[SourceTitle "EXT 2021"]
[Source "ChessBase"]
[SourceDate "2020.10.23"]
[SourceVersion "1"]
[SourceVersionDate "2020.10.23"]
[SourceQuality "1"]

1. c4 c5 2. Nc3 Nc6 3. Nf3 Nf6 4. g3 g6 5. Bg2 Bg7 6. 0-0 0-0 7. d4 cxd4 8. Nxd4 a6 9. h3 Qc7 10. Bg5 Qa5 11. Be3 Ne5 12. Qb3 d6 13. f4 Ned7 14. Bf2 Nc5 15. Qc2 e5 16. Nb3 Qc7 17. fxe5 Nxb3 18. exf6 Nxa1 19. Qc1 Bxf6 20. Nd5 Qd8 21. Bb6 Qxb6+ 22. Nxb6 Bd4+ 23. Kh2 Bxb6 24. Qxa1 Bd4 25. Qc1 Be6 26. Qd2 Be5 27. b3 Rab8 28. Bd5 Kg7 29. a4 h5 30. Kg2 Rfc8 31. Qd3 a5 32. Bxe6 fxe6 33. Qf3 Rf8 34. Qe4 Rxf1 35. Kxf1 Rf8+ 36. Kg2 Rf7 37. c5 Kf6 38. cxd6 Bxd6 39. Qh4+ Ke5 40. Qg5+ Rf5 41. Qxg6 b6 42. Qg7+ Ke4 43. Qg6 Kd5 44. e4+ Kxe4 45. Qxe6+ Be5 46. Qc6+ Ke3 47. Qc1+ Kd4 48. Qd2+ Kc5 49. Qc2+ 1-0

[Event "SRB-chT3 West CS"]
[Site "Serbia"]
[Date "2017.10.12"]
[Round "6.4"]
[White "Djokic, Slavoljub"]
[Black "Rajic, Vladimir"]
[Result "1/2-1/2"]
[WhiteElo "2108"]
[BlackElo "2052"]
[PlyCount "64"]
[EventDate "2017.09.03"]
[EventType "team-tourn"]
[EventRounds "11"]
[EventCountry "SRB"]
[SourceTitle "EXT 2021"]
[Source "ChessBase"]
[SourceDate "2020.10.23"]
[SourceVersion "1"]
[SourceVersionDate "2020.10.23"]
[SourceQuality "1"]

1. c4 e6 2. Nc3 d5 3. cxd5 exd5 4. d4 Nf6 5. Nf3 c6 6. g3 Bd6 7. Bg5 h6 8. Bxf6 Qxf6 9. Bg2 0-0 10. 0-0 Bg4 11. a3 Nd7 12. b4 Rfe8 13. b5 Nb6 14. h3 Bh5 15. g4 Bg6 16. e3 Nc4 17. Nd2 Nxd2 18. Qxd2 h5 19. Qd1 hxg4 20. hxg4 Qh4 21. Re1 f5 22. gxf5 Bxf5 23. Kf1 Bh3 24. Bxh3 Qxh3+ 25. Ke2 Bf4 26. Kd2 Bh6 27. Qe2 c5 28. Rh1 Qe6 29. Qd3 Qd6 30. Ne2 cxd4 31. Qxd4 Bg5 32. Rag1 Bf6 1/2-1/2

[Event "Paracin-ch"]
[Site "Paracin"]
[Date "2016.01.23"]
[Round "7"]
[White "Cvetanovic, Uros"]
[Black "Djokic, Slavoljub"]
[Result "1-0"]
[WhiteElo "2273"]
[BlackElo "2170"]
[PlyCount "89"]
[EventDate "2016.01.19"]
[EventType "swiss"]
[EventRounds "9"]
[EventCountry "SRB"]
[SourceTitle "CBM 170 Extra"]
[Source "ChessBase"]
[SourceDate "2016.02.25"]
[SourceVersion "1"]
[SourceVersionDate "2016.02.25"]
[SourceQuality "1"]

1. e4 d5 2. Nc3 d4 3. Nce2 e5 4. Ng3 Nf6 5. Nf3 Bd6 6. Bc4 0-0 7. 0-0 c5 8. d3 Nc6 9. a4 a6 10. Bg5 h6 11. Bd2 Bc7 12. Qe2 Be6 13. Ba2 Qd7 14. Nh4 Ne7 15. h3 b5 16. Qf3 Kh7 17. Nhf5 Bxf5 18. exf5 bxa4 19. Bxf7 Rab8 20. Be6 Qc6 21. Qxc6 Nxc6 22. Rxa4 Rxb2 23. Rxa6 Nb4 24. Bxb4 cxb4 25. Rc6 Bb8 26. Ra1 h5 27. f3 e4 28. Nxe4 Nxe4 29. fxe4 Bg3 30. Kf1 Rb8 31. Bb3 Rb7 32. Ke2 Rc7 33. Rxc7 Bxc7 34. Kd1 Bf4 35. e5 Bxe5 36. Kc1 Rxb3 37. cxb3 Kh6 38. Ra5 Bf4+ 39. Kd1 Bg5 40. Ke2 Bf6 41. Kf3 Kg5 42. g3 Bd8 43. Rd5 Bc7 44. Rxd4 Kxf5 45. Rxb4 1-0

[Event "Paracin-ch"]
[Site "Paracin"]
[Date "2016.01.21"]
[Round "3"]
[White "Djokic, Slavoljub"]
[Black "Brankovic, Dejan"]
[Result "0-1"]
[WhiteElo "2170"]
[BlackElo "2351"]
[PlyCount "154"]
[EventDate "2016.01.19"]
[EventType "swiss"]
[EventRounds "9"]
[EventCountry "SRB"]
[SourceTitle "CBM 170 Extra"]
[Source "ChessBase"]
[SourceDate "2016.02.25"]
[SourceVersion "1"]
[SourceVersionDate "2016.02.25"]
[SourceQuality "1"]

1. c4 c5 2. Nf3 Nc6 3. g3 g6 4. Bg2 Bg7 5. 0-0 Nf6 6. Nc3 0-0 7. d4 cxd4 8. Nxd4 Ng4 9. Nxc6 dxc6 10. Qc2 Qd4 11. Ne4 Be6 12. h3 Nf6 13. Nd2 Rfd8 14. Rb1 Bf5 15. e4 Be6 16. Kh2 Rab8 17. b3 b5 18. f4 bxc4 19. bxc4 Rxb1 20. Qxb1 Bxc4 21. Nxc4 Qxc4 22. Be3 e5 23. Bxa7 Rd2 24. Rf2 Rxf2 25. Bxf2 exf4 26. gxf4 Nh5 27. Bf3 Bd4 28. Bxd4 Qxd4 29. Qb8+ Kg7 30. Qe5+ Qxe5 31. fxe5 Nf4 32. a4 Nd3 33. a5 Nxe5 34. a6 Nd7 35. e5 c5 36. a7 Nb6 37. Kg3 f6 38. e6 c4 39. Kf4 c3 40. Ke3 f5 41. Kd3 Kf6 42. Bd5 g5 43. Bb3 g4 44. hxg4 fxg4 45. Ke3 h5 46. Kf4 Na8 47. Kg3 Nc7 48. Kh4 Ke7 49. Kg3 Kd6 50. Kh4 Kc6 51. Bd5+ Kd6 52. Bb3 Kc6 53. Bd5+ Kd6 54. Bb3 Ke7 55. Kg3 Kd6 56. Kh4 Kc6 57. Bd5+ Kd6 58. Bb3 Kc6 59. Bd5+ Kxd5 60. e7 c2 61. e8Q c1Q 62. Qxh5+ Kc6 63. Qxg4 Qe1+ 64. Qg3 Qb4+ 65. Kh3 Qa5 66. Qf2 Kb7 67. Qd4 Qf5+ 68. Qg4 Qc5 69. Qa4 Ka8 70. Kg3 Nb5 71. Qa5 Qd6+ 72. Kg2 Nxa7 73. Kh1 Kb7 74. Kg2 Qd4 75. Kh1 Nc6 76. Qa2 Ne5 77. Qe6 Qe4+ 0-1

[Event "Paracin-ch"]
[Site "Paracin"]
[Date "2015.01.17"]
[Round "3"]
[White "Milenkovic, Mladen"]
[Black "Djokic, Slavoljub"]
[Result "1-0"]
[WhiteElo "2330"]
[BlackElo "2138"]
[PlyCount "93"]
[EventDate "2015.01.15"]
[EventType "swiss"]
[EventRounds "7"]
[EventCountry "SRB"]
[SourceTitle "CBM 164 Extra"]
[Source "ChessBase"]
[SourceDate "2015.03.02"]
[SourceVersion "1"]
[SourceVersionDate "2015.03.02"]
[SourceQuality "1"]

1. e4 d5 2. exd5 Qxd5 3. Nc3 Qa5 4. d4 c6 5. Nf3 Bg4 6. h3 Bxf3 7. Qxf3 e6 8. Bd2 Nf6 9. Ne4 Qd8 10. Nxf6+ gxf6 11. c4 Be7 12. Bc3 a5 13. 0-0-0 Bb4 14. d5 Bxc3 15. Qxc3 Qe7 16. Be2 cxd5 17. cxd5 0-0 18. Kb1 e5 19. Bg4 Qd6 20. Bf5 Kh8 21. g4 Rg8 22. h4 Nd7 23. g5 Nf8 24. Rhe1 Re8 25. f4 Ng6 26. Bxg6 hxg6 27. h5 exf4 28. Rh1 Qe5 29. hxg6+ Kg7 30. gxf6+ Kxf6 31. gxf7 Kxf7 32. Qxa5 Rg2 33. Qa3 Qf5+ 34. Qd3 Qxd3+ 35. Rxd3 Ree2 36. Rb3 Kf6 37. a4 Ke5 38. Rh5+ Ke4 39. Rh4 Rgf2 40. d6 Rd2 41. Rh6 f3 42. Rf6 Rf1+ 43. Ka2 Rd4 44. Rxb7 Rxa4+ 45. Kb3 Ra8 46. d7 Kd5 47. Rb5+ 1-0